О некоторых усовершенствованиях в модели формировния кислотных соединений в атмосфере с учётом трансформации аэрозольных частиц и облачности; Исследование Земли из космоса; № 1

Bibliografiska uppgifter
Parent link:Исследование Земли из космоса: научный журнал/ Российская академия наук (РАН).— , 1980-.— 0205-9614
№ 1.— 2004.— С. 74-82
Huvudupphovsman: Егоров В. Д.
Språk:ryska
Publicerad: 2004
Serie:Испльзование космической информации о Земле
Ämnen:
Materialtyp: Bokavsnitt
KOHA link:https://koha.lib.tpu.ru/cgi-bin/koha/opac-detail.pl?biblionumber=393726

MARC

LEADER 00000naa2a2200000 4500
001 393726
005 20231101064426.0
035 |a (RuTPU)RU\TPU\prd\29999 
090 |a 393726 
100 |a 20041116a2004 k y0rusy50 ca 
101 0 |a rus 
102 |a RU 
200 1 |a О некоторых усовершенствованиях в модели формировния кислотных соединений в атмосфере с учётом трансформации аэрозольных частиц и облачности  |f В. Д. Егоров 
225 1 |a Испльзование космической информации о Земле 
320 |a Библиогр.: 6 назв. 
461 1 |0 (RuTPU)RU\TPU\prd\1522  |x 0205-9614  |t Исследование Земли из космоса  |o научный журнал  |f Российская академия наук (РАН)  |d 1980- 
463 1 |0 (RuTPU)RU\TPU\prd\24162  |t № 1  |v С. 74-82  |d 2004 
610 1 |a атмосфера 
610 1 |a кислотность 
610 1 |a формирование 
610 1 |a аэрозольные частицы 
610 1 |a облачность 
610 1 |a загрязняющие примеси 
610 1 |a модели 
610 1 |a усовершенствование 
675 |a 528.813  |v 3 
700 1 |a Егоров  |b В. Д. 
801 1 |a RU  |b 63413507  |c 20041116  |g PSBO 
801 2 |a RU  |b 63413507  |c 20130401  |g RCR 
942 |c BK